Pays par image satellite partielle n°3 - Statistiques

Statistiques générales
  • Ce quiz a été pris 3 338 fois
  • Le résultat moyen est 10 sur 15
Statistiques - réponses
Par images Réponse % Correct
Égypte
92%
Islande
87%
Norvège
86%
Irlande
83%
Russie
79%
Chine
76%
Australie
74%
Canada
71%
Etats-Unis
68%
Inde
61%
Chili
55%
Haïti
55%
Thaïlande
46%
Pays-Bas
35%
Sénégal
23%
Aucun quiz correspondant
Distribution des résultats
% des personnes avec chaque résultat
Percentile par nombre de réponses
Votre historique - résultats
Vous n’avez pas pris ce quiz